| 000 | 00890cam a2200289 a 4500 | ||
|---|---|---|---|
| 001 | 15524980 | ||
| 005 | 20180222034547.0 | ||
| 008 | 081117s2008 si a b 001 0 eng d | ||
| 010 | _a 2008300327 | ||
| 015 |
_aGBA899487 _2bnb |
||
| 016 | 7 |
_a014692430 _2Uk |
|
| 020 | _a0470823666 (pbk.) | ||
| 020 | _a9780470823668 (pbk.) | ||
| 035 | _a(OCoLC)ocn243822251 | ||
| 040 |
_aUKM _cUKM _dBWX _dOCLCQ _dIXA _dBWK _dDLC |
||
| 041 | _aeng | ||
| 042 | _alccopycat | ||
| 080 | _a796.0698 joh | ||
| 082 | 0 | 4 |
_a796.0698 joh _222 |
| 100 | 1 | _a60 | |
| 101 | _amar | ||
| 245 | 1 | 4 |
_aThe Olympic Games effect : _cJohn A. Davis. |
| 504 | _aIncludes bibliographical references (p. [321]-337) and index. | ||
| 906 |
_a7 _bcbc _ccopycat _d2 _encip _f20 _gy-gencatlg |
||
| 942 |
_2ddc _cBK |
||
| 999 |
_c43117 _d43117 |
||